Poznáte čajovinové drogy?

Bibliographic Details
Main Author: Kresánek, Jaroslav, 1921-2012 (Author)
Format: Article
Language:Slovak
PhysicalDescription:Obr. 3
ISSN:0323-2646
Subjects:

MARC

LEADER 00000nab a2200000 a 4500
001 vtls000616379
003 SK-MaSNL
005 20260304095317.0
008 250425c1997 xo 0 slo
015 |a SNBRB19rr/mm-uuuuu 
035 |a CL0616518 
035 |a urn:nbn:sk:snk-abg9v 
035 |a (urnnbn)urn:nbn:sk:snk:ar-002dz7 
035 |a (uuid)bf50bc77-4cf9-4470-bdf2-20a345079a67 
040 |a SNKBUCL  |b slo  |c SNKBUCL  |e AACR2 
041 0 |a slo 
044 |a xo  |c SK 
080 |a 615.322  |2 1981 
100 1 |a Kresánek, Jaroslav,  |d 1921-2012  |4 aut  |9 204988 
245 1 0 |a Poznáte čajovinové drogy?  |c J. Kresánek 
300 |b Obr. 3 
650 0 7 |a drogy čajovinové  |2 snkbucl  |9 980455 
655 7 |a články z novín a časopisov  |2 snkbucl  |9 267496 
773 0 |t Naše liečivé rastliny  |g Roč. 34, č. 1 (1997), s. 24-27  |x 0323-2646 
850 |a Slovenská národná knižnica 
852 |a Slovenská národná knižnica 
954 |a odborná, vedecká literatúra pôvodná (slovenská)  |2 lita 
958 |a article27 
958 |a MI 
958 |a RK 
958 |a OND 
958 |a EUIPO 
992 |a RBX 
999 |c 2831963  |d 2833893